5HLuxD.jpg

KING HENRY VIII SENIOR AND PRIMARY SCHOOL LIBRARY OPAC

Artemis Fowl and the lost colony / (Record no. 3852)

000 -LEADER
fixed length control field 02052cam a2200409 ab4500
001 - CONTROL NUMBER
control field 2345451
003 - CONTROL NUMBER IDENTIFIER
control field OSt
005 - DATE AND TIME OF LATEST TRANSACTION
control field 20241111150848.0
008 - FIXED-LENGTH DATA ELEMENTS--GENERAL INFORMATION
fixed length control field 211222r20192011enkab j 000 1 eng d
020 ## - INTERNATIONAL STANDARD BOOK NUMBER
International Standard Book Number 9780241335642
040 ## - CATALOGING SOURCE
Original cataloging agency NFG
Language of cataloging eng
Transcribing agency NFG
Modifying agency OCLCF
-- OCLCQ
-- OCLCO
-- TCPL
-- KH8
Description conventions aacr2
042 ## - AUTHENTICATION CODE
Authentication code nbic
043 ## - GEOGRAPHIC AREA CODE
Geographic area code e-uk-en
082 0# - DEWEY DECIMAL CLASSIFICATION NUMBER
Classification number FIC COL
100 1# - MAIN ENTRY--PERSONAL NAME
Personal name Colfer, Eoin.
Relator term aut.
245 10 - TITLE STATEMENT
Title Artemis Fowl and the lost colony /
Statement of responsibility, etc. Eoin Colfer.
250 ## - EDITION STATEMENT
Edition statement Reissued edition.
260 ## - PUBLICATION, DISTRIBUTION, ETC.
Place of publication, distribution, etc. London :
Name of publisher, distributor, etc. Puffin,
Date of publication, distribution, etc. 2019.
300 ## - PHYSICAL DESCRIPTION
Extent 376 pages :
Other physical details illustrations, map ;
Dimensions 20 cm.
490 1# - SERIES STATEMENT
Series statement Artemis Fowl ;
Volume/sequential designation 5.
500 ## - GENERAL NOTE
General note "Criminally good"--Cover.
500 ## - GENERAL NOTE
General note Originally published: 2006.
500 ## - GENERAL NOTE
General note Includes excerpt from 'Artemis Fowl and the Time paradox; The People - A Spotter's Guide; Fowl File: Leon Abbot, Demon; Gnommish Alphabet.
520 ## - SUMMARY, ETC.
Summary, etc. Has criminal mastermind Artemis Fowl met his match? Until recently Artemis Fowl was the only human to have discovered that fairies do exist. But now a second juvenile genius wants to capture one for scientific study - and not just any old fairy. The newcomer intends to trap a demon, the most human-hating species unknown to man. Only an ancient time spell separates the demons from mankind - and Artemis must prevent it from unravelling. If he fails, the bloodthirsty tribe willre-launch their quest to wipe humans from the planet ... There can only be one winner in this battle of the demons. And it may not be Artemis Fowl.
600 10 - SUBJECT ADDED ENTRY--PERSONAL NAME
Personal name Fowl, Artemis
Titles and other words associated with a name (Fictitious character)
Form subdivision Juvenile fiction.
650 #0 - SUBJECT ADDED ENTRY--TOPICAL TERM
Topical term or geographic name entry element Leprechauns
Form subdivision Juvenile fiction.
650 #0 - SUBJECT ADDED ENTRY--TOPICAL TERM
Topical term or geographic name entry element Time travel
General subdivision Juvenile fiction.
650 #0 - SUBJECT ADDED ENTRY--TOPICAL TERM
Topical term or geographic name entry element Demonology
Form subdivision Juvenile fiction.
650 #0 - SUBJECT ADDED ENTRY--TOPICAL TERM
Topical term or geographic name entry element Fairies
Form subdivision Juvenile fiction.
650 #0 - SUBJECT ADDED ENTRY--TOPICAL TERM
Topical term or geographic name entry element Magic
Form subdivision Juvenile fiction.
650 #0 - SUBJECT ADDED ENTRY--TOPICAL TERM
Topical term or geographic name entry element Relativity (Physics)
Form subdivision Juvenile fiction.
650 #0 - SUBJECT ADDED ENTRY--TOPICAL TERM
Topical term or geographic name entry element Space and time
Form subdivision Juvenile fiction.
651 #0 - SUBJECT ADDED ENTRY--GEOGRAPHIC NAME
Geographic name England
Form subdivision Juvenile fiction.
800 1# - SERIES ADDED ENTRY--PERSONAL NAME
Personal name Colfer, Eoin.
Title of a work Artemis Fowl ;
Volume/sequential designation bk. 4.
830 #0 - SERIES ADDED ENTRY--UNIFORM TITLE
Uniform title Artemis Fowl ;
Volume/sequential designation 5.
942 ## - ADDED ENTRY ELEMENTS (KOHA)
Source of classification or shelving scheme
Koha item type Books - Fiction
Holdings
Withdrawn status Lost status Source of classification or shelving scheme Damaged status Not for loan Collection code Permanent Location Current Location Shelving location Date acquired Full call number Barcode Date last seen Price effective from Koha item type
          Fiction KH8 Primary School Library KH8 Primary School Library Fiction 2024-11-11 FIC COL KHPL000004558 2025-12-05 2024-11-11 Books - Fiction

Powered By KH8 IT Dept